| 000 | 00481nam a22001697a 4500 | ||
|---|---|---|---|
| 003 | 0 | ||
| 005 | 20231206094536.0 | ||
| 008 | 231206b xxu||||| |||| 00| 0 eng d | ||
| 020 | _a978-1-949679-50-2 | ||
| 050 |
_aER _bGol619 2018 |
||
| 082 |
_aER _bGol619 2018 |
||
| 245 | _aGoldilocks and the three bears | ||
| 260 |
_aNew York _bLittle Hippo Books _cc2018. |
||
| 300 |
_aunnumbered pages : _bcolored illustrations ; _c20cm. |
||
| 650 | _aChildren's stories. | ||
| 942 |
_2ddc _cBK |
||
| 999 |
_c365715 _d365715 |
||